000 00441nab a2200145Ia 4500
003 ES-SlBCS
005 20210601125450.0
008 140529s1982-83 xxu||||| |||| 00| 0 eng d
041 _aeng
100 1 _aButchvarov, Panayot
_9158983
245 0 0 _aThat Simple, Indefinable, Nonnatural Property Good
_c Panayot Butchvarov
650 0 4 _aBondad
_9132754
773 0 _tReview of Methaphysics
_gvol. 36, 1982-83, págs. 51-76
_wRev843
942 _cAR
999 _c530791
_d530791